[Event "55th Rubinstein Memorial-A 2019"]
[Site "Polanica-Zdroj"]
[Date "2019.08.20"]
[Round "4.18"]
[White "Luba, Lukasz"]
[Black "Grochol, Kamil"]
[Result "1-0"]
[WhiteElo "2130"]
[BlackElo "1837"]
[Annotator "NA"]
[PlyCount "131"]
[EventDate "2019.08.17"]
[EventType "swiss"]
[EventCountry "POL"]
[SourceTitle "playchess.com"]
[Source "ChessBase"]
[SourceQuality "1"]
[TimeControl "40/5400+30:1800+30"]

1. d4 {[%emt 0:00:00]} d5 {[%emt 0:00:00]} 2. e3 {[%emt 0:00:00]} Bf5 {[%emt 0:00:20]} 3. c4 {[%emt 0:00:50]} e6 {[%emt 0:00:08]} 4. c5 {[%emt 0:01:39]} c6 {[%emt 0:02:01]} 5. b4 {[%emt 0:00:36]} b6 {[%emt 0:05:42]} 6. Bb2 {[%emt 0:03:06]} a5 {[%emt 0:03:17]} 7. a3 {[%emt 0:00:06]} Nf6 {[%emt 0:25:00]} 8. Nc3 {[%emt 0:00:59]} Be7 {[%emt 0:05:12]} 9. Nf3 {[%emt 0:00:29]} O-O {[%emt 0:03:31]} 10. Ne5 {[%emt 0:00:23]} Nfd7 {[%emt 0:02:06]} 11. Nd3 {[%emt 0:03:08]} Na6 {[%emt 0:04:18]} 12. Na2 {[%emt 0:02:44]} axb4 {[%emt 0:04:53]} 13. axb4 {[%emt 0:00:22]} b5 {[%emt 0:02:22]} 14. Be2 {[%emt 0:01:54]} Ra7 {[%emt 0:10:06]} 15. O-O {[%emt 0:01:25]} Qc7 {[%emt 0:01:29]} 16. Qb3 {[%emt 0:01:48]} Rfa8 {[%emt 0:01:17]} 17. Nc3 {[%emt 0:00:33]} h6 {[%emt 0:09:43]} 18. f3 {[%emt 0:06:34]} Bf6 {[%emt 0:01:34]} 19. f4 {[%emt 0:02:16]} Bh7 {[%emt 0:02:22]} 20. Ne5 {[%emt 0:03:25]} Bxe5 {[%emt 0:04:25]} 21. fxe5 {[%emt 0:00:07]} Qb8 {[%emt 0:02:22]} 22. Rae1 {[%emt 0:05:07]} f6 {[%emt 0:04:29]} 23. Bg4 {[%emt 0:04:50]} f5 {[%emt 0:02:40]} 24. Be2 {[%emt 0:03:24]} Nf8 {[%emt 0:01:02]} 25. Rf2 {[%emt 0:01:01]} Rf7 {[%emt 0:01:17]} 26. Ref1 {[%emt 0:00:26]} Nc7 {[%emt 0:00:47]} 27. Bd3 {[%emt 0:06:45]} Bg6 {[%emt 0:00:32]} 28. Ne2 {[%emt 0:00:39]} Qe8 {[%emt 0:00:31]} 29. Qc2 {[%emt 0:00:38]} Bh7 {[%emt 0:00:31]} 30. Nc1 {[%emt 0:00:31]} Ra4 {[%emt 0:00:30]} 31. Bc3 {[%emt 0:00:23]} Qa8 {[%emt 0:00:29]} 32. Nb3 {[%emt 0:00:20]} Ra7 {[%emt 0:00:32]} 33. Na5 {[%emt 0:00:22]} Na6 {[%emt 0:00:31]} 34. Qe2 {[%emt 0:00:18]} Rfc7 {[%emt 0:00:19]} 35. Nxc6 {[%emt 0:03:06]} Rxc6 {[%emt 0:00:10]} 36. Bxb5 {[%emt 0:00:06]} Rc8 {[%emt 0:00:35]} 37. Bxa6 {[%emt 0:02:19]} Rxa6 {[%emt 0:00:02]} 38. b5 {[%emt 0:00:23]} Ra3 {[%emt 0:00:49]} 39. Qb2 {[%emt 0:08:21]} Qa4 {[%emt 0:00:58]} 40. b6 {[%emt 0:00:00]} Rb3 {[%emt 0:00:00]} 41. Qd2 {[%emt 0:02:50]} Nd7 {[%emt 0:08:56]} 42. Ra1 {[%emt 0:05:37]} Qb5 {[%emt 0:05:04]} 43. Ba5 {[%emt 0:08:29]} Ra8 {[%emt 0:03:11]} 44. h4 {[%emt 0:17:20]} Nb8 {[%emt 0:02:05]} 45. Kh2 {[%emt 0:01:49]} Bg6 {[%emt 0:05:10]} 46. Qe1 {[%emt 0:01:32]} Bh5 {[%emt 0:03:07]} 47. Rfa2 {[%emt 0:02:43]} Rb2 {[%emt 0:02:49]} 48. Rxb2 {[%emt 0:04:42]} Qxb2 {[%emt 0:00:02]} 49. Rb1 {[%emt 0:00:09]} Qe2 {[%emt 0:02:54]} 50. b7 {[%emt 0:01:18]} Rxa5 {[%emt 0:01:46]} 51. Qxa5 {[%emt 0:00:55]} Bf3 {[%emt 0:00:32]} 52. Rg1 {[%emt 0:00:08]} Qf2 {[%emt 0:00:06]} 53. Qe1 {[%emt 0:01:54]} Qb2 {[%emt 0:01:21]} 54. Kg3 {[%emt 0:07:33]} Be4 {[%emt 0:00:20]} 55. Qf2 {[%emt 0:03:34]} Qxb7 {[%emt 0:00:31]} 56. Ra1 {[%emt 0:00:28]} Nc6 {[%emt 0:00:32]} 57. Ra2 {[%emt 0:01:01]} Qf7 {[%emt 0:00:39]} 58. Kh2 {[%emt 0:01:36]} Kh7 {[%emt 0:00:29]} 59. Ra6 {[%emt 0:00:27]} Nb4 {[%emt 0:00:29]} 60. Rb6 {[%emt 0:00:15]} Nd3 {[%emt 0:00:26]} 61. Qg3 {[%emt 0:00:14]} f4 {[%emt 0:00:35]} 62. exf4 {[%emt 0:00:10]} Nxf4 {[%emt 0:00:30]} 63. c6 {[%emt 0:00:39]} Ne2 {[%emt 0:00:13]} 64. Rb7 {[%emt 0:00:07]} Qf8 {[%emt 0:00:49]} 65. Qxg7+ {[%emt 0:00:10]} Qxg7 {[%emt 0:00:22]} 66. Rxg7+ 1-0

[Event "55th Rubinstein Memorial-A 2019"]
[Site "Polanica-Zdroj"]
[Date "2019.08.20"]
[Round "4.19"]
[White "Praczukowski, Stanislaw"]
[Black "Jedynak, January"]
[Result "1-0"]
[WhiteElo "2126"]
[BlackElo "1822"]
[Annotator "NA"]
[PlyCount "83"]
[EventDate "2019.08.17"]
[EventType "swiss"]
[EventCountry "POL"]
[SourceTitle "playchess.com"]
[Source "ChessBase"]
[SourceQuality "1"]
[TimeControl "40/5400+30:1800+30"]

1. d4 {[%emt 0:00:00]} d5 {[%emt 0:00:00]} 2. c4 {[%emt 0:00:00]} e6 {[%emt 0:00:00]} 3. Nf3 {[%emt 0:00:00]} c6 {[%emt 0:00:00]} 4. Nbd2 {[%emt 0:00:16]} Nd7 {[%emt 0:04:10]} 5. g3 {[%emt 0:01:19]} Ngf6 {[%emt 0:05:29]} 6. Bg2 {[%emt 0:00:10]} Bd6 {[%emt 0:01:14]} 7. O-O {[%emt 0:00:13]} O-O {[%emt 0:02:20]} 8. Qc2 {[%emt 0:00:16]} Qc7 {[%emt 0:07:36]} 9. e4 {[%emt 0:01:06]} dxe4 {[%emt 0:02:30]} 10. Nxe4 {[%emt 0:00:25]} Nxe4 {[%emt 0:00:30]} 11. Qxe4 {[%emt 0:00:05]} Nf6 {[%emt 0:01:30]} 12. Qc2 {[%emt 0:00:30]} c5 {[%emt 0:05:20]} 13. dxc5 {[%emt 0:04:24]} Bxc5 {[%emt 0:01:52]} 14. Bf4 {[%emt 0:04:24]} Qe7 {[%emt 0:10:59]} 15. Be5 {[%emt 0:08:38]} Nd7 {[%emt 0:26:34]} 16. Bc3 {[%emt 0:01:03]} Rd8 {[%emt 0:15:55]} 17. Rad1 {[%emt 0:01:59]} Rb8 {[%emt 0:03:38]} 18. a3 {[%emt 0:07:48]} Nf8 {[%emt 0:04:36]} 19. Be5 {[%emt 0:02:54]} Ra8 {[%emt 0:02:10]} 20. Rxd8 {[%emt 0:01:48]} Qxd8 {[%emt 0:00:07]} 21. Rd1 {[%emt 0:00:11]} Qe8 {[%emt 0:01:15]} 22. b4 {[%emt 0:05:03]} Be7 {[%emt 0:00:06]} 23. Qb2 {[%emt 0:08:40]} f6 {[%emt 0:00:28]} 24. Bc3 {[%emt 0:00:30]} e5 {[%emt 0:01:08]} 25. Nd2 {[%emt 0:00:45]} Qa4 {[%emt 0:00:40]} 26. Qb3 {[%emt 0:00:38]} Qa6 {[%emt 0:01:54]} 27. a4 {[%emt 0:02:49]} Be6 {[%emt 0:00:22]} 28. b5 {[%emt 0:02:02]} Qb6 {[%emt 0:00:39]} 29. a5 {[%emt 0:00:37]} Qc7 {[%emt 0:00:22]} 30. a6 {[%emt 0:00:31]} Rd8 {[%emt 0:00:14]} 31. axb7 {[%emt 0:00:56]} Nd7 {[%emt 0:00:28]} 32. Qa2 {[%emt 0:07:04]} Bc5 {[%emt 0:00:59]} 33. Ba5 {[%emt 0:05:27]} Bb6 {[%emt 0:00:20]} 34. Bxb6 {[%emt 0:00:39]} Nxb6 {[%emt 0:00:22]} 35. Rc1 {[%emt 0:00:43]} Qb8 {[%emt 0:00:58]} 36. Qa5 {[%emt 0:01:55]} Rd4 {[%emt 0:00:41]} 37. c5 {[%emt 0:01:10]} Ra4 {[%emt 0:00:08]} 38. Qc3 {[%emt 0:00:11]} Nd5 {[%emt 0:00:11]} 39. Bxd5 {[%emt 0:01:01]} Bxd5 {[%emt 0:00:08]} 40. c6 {[%emt 0:00:00]} Qc7 {[%emt 0:00:00]} 41. Qc2 {[%emt 0:04:41]} Ra2 {[%emt 0:04:07]} 42. Qf5 {[%emt 0:00:51]} 1-0

[Event "55th Rubinstein Memorial-A 2019"]
[Site "Polanica-Zdroj"]
[Date "2019.08.20"]
[Round "4.20"]
[White "Stachecki, Mikolaj"]
[Black "Slomczewski, Michal"]
[Result "0-1"]
[WhiteElo "1765"]
[BlackElo "2115"]
[Annotator "NA"]
[PlyCount "68"]
[EventDate "2019.08.17"]
[EventType "swiss"]
[EventCountry "POL"]
[SourceTitle "playchess.com"]
[Source "ChessBase"]
[SourceQuality "1"]
[TimeControl "40/5400+30:1800+30"]

1. e4 {[%emt 0:00:00]} c5 {[%emt 0:00:00]} 2. Nf3 {[%emt 0:00:00]} e6 {[%emt 0:00:00]} 3. d4 {[%emt 0:00:00]} cxd4 {[%emt 0:00:00]} 4. Nxd4 {[%emt 0:00:00]} Nc6 {[%emt 0:00:00]} 5. Nb5 {[%emt 0:00:02]} d6 {[%emt 0:00:00]} 6. c4 {[%emt 0:00:07]} Nf6 {[%emt 0:00:00]} 7. N1c3 {[%emt 0:00:09]} a6 {[%emt 0:00:09]} 8. Na3 {[%emt 0:00:07]} b6 {[%emt 0:00:17]} 9. Be2 {[%emt 0:00:58]} Bb7 {[%emt 0:00:55]} 10. Be3 {[%emt 0:00:46]} Ne5 {[%emt 0:01:32]} 11. Qd4 {[%emt 0:07:24]} Ned7 {[%emt 0:01:14]} 12. f3 {[%emt 0:00:31]} Be7 {[%emt 0:02:37]} 13. O-O {[%emt 0:00:23]} O-O {[%emt 0:00:09]} 14. Rfe1 {[%emt 0:13:09]} Rc8 {[%emt 0:02:00]} 15. Rac1 {[%emt 0:02:48]} Qc7 {[%emt 0:04:09]} 16. Nab1 {[%emt 0:22:27]} Qb8 {[%emt 0:01:23]} 17. a3 {[%emt 0:01:54]} Bd8 {[%emt 0:04:26]} 18. b4 {[%emt 0:06:58]} Bc7 {[%emt 0:03:01]} 19. Bf2 {[%emt 0:11:40]} Kh8 {[%emt 0:09:42]} 20. Red1 {[%emt 0:00:44]} g5 {[%emt 0:07:38]} 21. Bg3 {[%emt 0:12:21]} Ne5 {[%emt 0:00:54]} 22. Qe3 {[%emt 0:03:55]} Rg8 {[%emt 0:03:37]} 23. b5 {[%emt 0:01:42]} a5 {[%emt 0:01:13]} 24. Na4 {[%emt 0:05:06]} Ned7 {[%emt 0:13:27]} 25. Nbc3 {[%emt 0:01:07]} Nh5 {[%emt 0:11:01]} 26. f4 {[%emt 0:05:12]} gxf4 {[%emt 0:02:59]} 27. Bxf4 {[%emt 0:00:22]} Nxf4 {[%emt 0:00:10]} 28. Qxf4 {[%emt 0:00:07]} Rg7 {[%emt 0:02:31]} 29. g3 {[%emt 0:02:05]} Rcg8 {[%emt 0:09:53]} 30. Qf2 {[%emt 0:01:12]} Nc5 {[%emt 0:06:47]} 31. Nxc5 {[%emt 0:00:38]} dxc5 {[%emt 0:00:01]} 32. Rd3 {[%emt 0:00:12]} Be5 {[%emt 0:01:03]} 33. Kg2 {[%emt 0:01:01]} Bd4 {[%emt 0:03:26]} 34. Qf3 {[%emt 0:00:35]} f5 {[%emt 0:01:25]} 0-1

[Event "55th Rubinstein Memorial-A 2019"]
[Site "Polanica-Zdroj"]
[Date "2019.08.20"]
[Round "4.21"]
[White "Hertlein, Irena"]
[Black "Malicka, Maria"]
[Result "0-1"]
[WhiteElo "1689"]
[BlackElo "2062"]
[Annotator "NA"]
[PlyCount "98"]
[EventDate "2019.08.17"]
[EventType "swiss"]
[EventCountry "POL"]
[SourceTitle "playchess.com"]
[Source "ChessBase"]
[SourceQuality "1"]
[TimeControl "40/5400+30:1800+30"]

1. d4 {[%emt 0:00:00]} Nf6 {[%emt 0:00:00]} 2. Bf4 {[%emt 0:00:00]} d5 {[%emt 0:00:00]} 3. e3 {[%emt 0:00:00]} c5 {[%emt 0:00:06]} 4. c3 {[%emt 0:00:04]} Nc6 {[%emt 0:00:24]} 5. Nd2 {[%emt 0:00:16]} Bf5 {[%emt 0:00:52]} 6. Qb3 {[%emt 0:01:47]} Qd7 {[%emt 0:13:07]} 7. Ngf3 {[%emt 0:07:15]} c4 {[%emt 0:00:52]} 8. Qd1 {[%emt 0:04:07]} e6 {[%emt 0:01:50]} 9. Nh4 {[%emt 0:07:39]} Bg4 {[%emt 0:02:32]} 10. Be2 {[%emt 0:01:37]} Bxe2 {[%emt 0:00:14]} 11. Qxe2 {[%emt 0:00:02]} Be7 {[%emt 0:05:07]} 12. Nhf3 {[%emt 0:09:26]} O-O {[%emt 0:01:25]} 13. b3 {[%emt 0:17:28]} b5 {[%emt 0:08:08]} 14. a4 {[%emt 0:00:17]} a6 {[%emt 0:05:26]} 15. bxc4 {[%emt 0:01:26]} bxc4 {[%emt 0:00:39]} 16. h3 {[%emt 0:04:56]} Bd6 {[%emt 0:04:08]} 17. Bxd6 {[%emt 0:02:43]} Qxd6 {[%emt 0:00:02]} 18. e4 {[%emt 0:03:41]} e5 {[%emt 0:11:46]} 19. O-O {[%emt 0:07:29]} Nxe4 {[%emt 0:00:57]} 20. Nxe4 {[%emt 0:07:36]} dxe4 {[%emt 0:00:03]} 21. Qxe4 {[%emt 0:00:03]} exd4 {[%emt 0:00:11]} 22. Nxd4 {[%emt 0:00:13]} Nxd4 {[%emt 0:00:17]} 23. Qxd4 {[%emt 0:01:06]} Qxd4 {[%emt 0:00:18]} 24. cxd4 {[%emt 0:00:01]} Rfd8 {[%emt 0:03:04]} 25. Rfd1 {[%emt 0:00:27]} Rab8 {[%emt 0:04:15]} 26. Rac1 {[%emt 0:06:09]} Rb4 {[%emt 0:00:37]} 27. a5 {[%emt 0:00:07]} Kf8 {[%emt 0:15:32]} 28. d5 {[%emt 0:07:00]} Ke7 {[%emt 0:00:28]} 29. Rd4 {[%emt 0:00:08]} Rc8 {[%emt 0:04:06]} 30. d6+ {[%emt 0:00:30]} Kd7 {[%emt 0:00:47]} 31. Re1 {[%emt 0:00:11]} Re8 {[%emt 0:00:10]} 32. Rc1 {[%emt 0:02:51]} Re5 {[%emt 0:01:29]} 33. Rcxc4 {[%emt 0:01:48]} Rxc4 {[%emt 0:00:10]} 34. Rxc4 {[%emt 0:00:01]} Kxd6 {[%emt 0:00:08]} 35. Rh4 {[%emt 0:04:09]} h5 {[%emt 0:05:33]} 36. Rf4 {[%emt 0:01:21]} f6 {[%emt 0:00:16]} 37. Ra4 {[%emt 0:00:37]} Kc6 {[%emt 0:00:09]} 38. g3 {[%emt 0:02:02]} Kb5 {[%emt 0:00:33]} 39. Ra1 {[%emt 0:00:09]} Kb4 {[%emt 0:02:08]} 40. Rb1+ {[%emt 0:00:00]} Kxa5 {[%emt 0:00:00]} 41. Rb7 {[%emt 0:02:51]} g5 {[%emt 0:11:16]} 42. Rh7 {[%emt 0:05:08]} Kb4 {[%emt 0:00:43]} 43. Rxh5 {[%emt 0:05:51]} a5 {[%emt 0:00:04]} 44. Rh8 {[%emt 0:00:27]} a4 {[%emt 0:00:16]} 45. Ra8 {[%emt 0:06:38]} a3 {[%emt 0:00:09]} 46. h4 {[%emt 0:00:49]} gxh4 {[%emt 0:00:14]} 47. gxh4 {[%emt 0:00:01]} Ra5 {[%emt 0:01:13]} 48. Rb8+ {[%emt 0:00:39]} Ka4 {[%emt 0:00:14]} 49. Rb1 {[%emt 0:01:59]} Rh5 {[%emt 0:00:47]} 0-1

[Event "55th Rubinstein Memorial-A 2019"]
[Site "Polanica-Zdroj"]
[Date "2019.08.20"]
[Round "4.22"]
[White "Zych, Marek"]
[Black "Pluta, Natalia"]
[Result "1-0"]
[WhiteElo "2061"]
[BlackElo "1808"]
[Annotator "NA"]
[PlyCount "77"]
[EventDate "2019.08.17"]
[EventType "swiss"]
[EventCountry "POL"]
[SourceTitle "playchess.com"]
[Source "ChessBase"]
[SourceQuality "1"]
[TimeControl "40/5400+30:1800+30"]

1. Nf3 {[%emt 0:00:07]} c5 {[%emt 0:03:04]} 2. c4 {[%emt 0:00:19]} Nc6 {[%emt 0:00:12]} 3. g3 {[%emt 0:00:15]} g6 {[%emt 0:00:05]} 4. Bg2 {[%emt 0:00:15]} Bg7 {[%emt 0:00:02]} 5. Nc3 {[%emt 0:00:20]} e6 {[%emt 0:00:04]} 6. O-O {[%emt 0:00:25]} Nge7 {[%emt 0:00:02]} 7. d4 {[%emt 0:00:09]} Nxd4 {[%emt 0:03:20]} 8. Nxd4 {[%emt 0:00:22]} cxd4 {[%emt 0:00:23]} 9. Nb5 {[%emt 0:00:16]} Nf5 {[%emt 0:02:53]} 10. g4 {[%emt 0:00:41]} a6 {[%emt 0:00:07]} 11. gxf5 {[%emt 0:00:48]} axb5 {[%emt 0:00:04]} 12. fxe6 {[%emt 0:00:15]} dxe6 {[%emt 0:00:22]} 13. cxb5 {[%emt 0:00:41]} O-O {[%emt 0:00:14]} 14. a4 {[%emt 0:01:40]} e5 {[%emt 0:03:42]} 15. Bd2 {[%emt 0:02:55]} Qb6 {[%emt 0:01:14]} 16. Qb3 {[%emt 0:02:43]} Be6 {[%emt 0:01:39]} 17. Bd5 {[%emt 0:00:12]} Bxd5 {[%emt 0:01:46]} 18. Qxd5 {[%emt 0:00:02]} Rad8 {[%emt 0:00:07]} 19. Qb3 {[%emt 0:00:29]} Kh8 {[%emt 0:03:34]} 20. a5 {[%emt 0:00:09]} Qf6 {[%emt 0:02:59]} 21. a6 {[%emt 0:00:24]} b6 {[%emt 0:02:21]} 22. Qd3 {[%emt 0:03:43]} Rfe8 {[%emt 0:01:26]} 23. f3 {[%emt 0:00:09]} Qh4 {[%emt 0:02:26]} 24. a7 {[%emt 0:01:35]} Ra8 {[%emt 0:01:46]} 25. Ra6 {[%emt 0:00:43]} Qe7 {[%emt 0:10:28]} 26. Qa3 {[%emt 0:02:43]} Qd7 {[%emt 0:03:56]} 27. Rxb6 {[%emt 0:07:39]} Rxa7 {[%emt 0:00:15]} 28. Qc5 {[%emt 0:03:23]} Bf8 {[%emt 0:01:51]} 29. Qc4 {[%emt 0:00:08]} Rb7 {[%emt 0:05:35]} 30. Rc6 {[%emt 0:13:59]} Reb8 {[%emt 0:02:33]} 31. Rc1 {[%emt 0:00:14]} Rxb5 {[%emt 0:06:02]} 32. Bg5 {[%emt 0:00:39]} Kg7 {[%emt 0:17:24]} 33. Bf6+ Kh6 34. Qd3 {[%emt 0:02:51]} Rxb2 {[%emt 0:13:22]} 35. Qe4 {[%emt 0:00:24]} Qh3 {[%emt 0:00:34]} 36. Qxe5 {[%emt 0:01:17]} R8b5 {[%emt 0:02:17]} 37. Qf4+ {[%emt 0:05:27]} Kh5 {[%emt 0:00:17]} 38. R1c5+ {[%emt 0:00:12]} Rxc5 {[%emt 0:00:57]} 39. Rxc5+ 1-0

[Event "55th Rubinstein Memorial-A 2019"]
[Site "Polanica-Zdroj"]
[Date "2019.08.20"]
[Round "4.23"]
[White "Goraj, Barbara"]
[Black "Domanski, Lukasz"]
[Result "0-1"]
[WhiteElo "1800"]
[BlackElo "2058"]
[Annotator "NA"]
[PlyCount "126"]
[EventDate "2019.08.17"]
[EventType "swiss"]
[EventCountry "POL"]
[SourceTitle "playchess.com"]
[Source "ChessBase"]
[SourceQuality "1"]
[TimeControl "40/5400+30:1800+30"]

1. e4 e5 2. Nf3 Nc6 3. Bb5 a6 4. Ba4 Nge7 5. c3 g6 6. d4 exd4 7. Nxd4 Bg7 8. Be3 O-O 9. O-O d6 10. Re1 Ne5 11. Nd2 Nd3 12. Rf1 Nxb2 13. Qc2 Nxa4 14. Qxa4 b5 15. Qa3 Bb7 16. Rad1 Nc6 17. Nxc6 Bxc6 18. f3 Bb7 19. c4 c5 20. Nb3 Qe7 21. Bf4 Rfd8 22. Na5 Bd4+ 23. Be3 Be5 24. f4 Bg7 25. e5 b4 26. Qb3 dxe5 27. Nxb7 Qxb7 28. Bxc5 exf4 29. Qxb4 Qe4 30. Rde1 Qc2 31. Rf2 Qd3 32. Rxf4 Rab8 33. Qa3 Bd4+ 34. Kh1 Qd2 35. Rfe4 Bxc5 36. Qxc5 Qxa2 37. h3 Rb1 38. Qg1 Rxe1 39. Qxe1 Qa4 40. Kh2 Qc6 41. Qa5 Rc8 42. Qe1 a5 43. Re7 a4 44. Qb4 Ra8 45. c5 a3 46. Ra7 a2 47. Qa5 Rxa7 48. Qxa7 Qd5 49. Qb8+ Kg7 50. Qb2+ f6 51. g3 Kf7 52. c6 Ke7 53. Qb4+ Ke6 54. Qb2 g5 55. h4 gxh4 56. c7 Kd7 57. Qb8 hxg3+ 58. Kh3 Qh5+ 59. Kg2 Qe2+ 60. Kh3 Qh2+ 61. Kg4 h5+ 62. Kf3 Qf2+ 63. Ke4 Qc2+ 0-1

[Event "55th Rubinstein Memorial-A 2019"]
[Site "Polanica-Zdroj"]
[Date "2019.08.20"]
[Round "4.24"]
[White "Niedbala, Bartlomiej"]
[Black "Twardowski, Hubert"]
[Result "1-0"]
[WhiteElo "2169"]
[BlackElo "1822"]
[Annotator "NA"]
[PlyCount "47"]
[EventDate "2019.08.17"]
[EventType "swiss"]
[EventCountry "POL"]
[SourceTitle "playchess.com"]
[Source "ChessBase"]
[SourceQuality "1"]
[TimeControl "40/5400+30:1800+30"]

1. d4 {[%emt 0:00:00]} Nf6 {[%emt 0:00:00]} 2. Bf4 {[%emt 0:00:00]} c5 {[%emt 0:00:36]} 3. e3 {[%emt 0:01:04]} e6 {[%emt 0:05:48]} 4. c3 {[%emt 0:00:14]} d5 {[%emt 0:02:00]} 5. Nd2 {[%emt 0:01:35]} Nc6 {[%emt 0:06:37]} 6. Ngf3 {[%emt 0:02:07]} Bd6 {[%emt 0:01:04]} 7. Bg3 {[%emt 0:00:42]} O-O {[%emt 0:10:52]} 8. Bd3 {[%emt 0:01:36]} h6 {[%emt 0:00:58]} 9. Ne5 {[%emt 0:02:48]} Bxe5 {[%emt 0:22:54]} 10. dxe5 {[%emt 0:00:51]} Nd7 {[%emt 0:00:10]} 11. f4 {[%emt 0:03:47]} d4 {[%emt 0:03:23]} 12. Ne4 {[%emt 0:07:00]} Qa5 {[%emt 0:06:07]} 13. O-O {[%emt 0:02:02]} dxc3 {[%emt 0:06:02]} 14. bxc3 {[%emt 0:02:22]} b5 {[%emt 0:01:01]} 15. Bh4 {[%emt 0:06:13]} c4 {[%emt 0:06:19]} 16. Bc2 {[%emt 0:01:39]} Kh8 {[%emt 0:05:32]} 17. a3 {[%emt 0:07:11]} Qb6 {[%emt 0:04:09]} 18. Qh5 {[%emt 0:00:11]} Nc5 {[%emt 0:03:05]} 19. Nxc5 {[%emt 0:05:17]} Qxc5 {[%emt 0:00:22]} 20. Bf6 {[%emt 0:00:03]} Kg8 {[%emt 0:04:29]} 21. Qg4 {[%emt 0:00:18]} g5 {[%emt 0:02:14]} 22. fxg5 {[%emt 0:01:24]} Qxe3+ {[%emt 0:00:07]} 23. Kh1 {[%emt 0:00:07]} Nxe5 {[%emt 0:00:46]} 24. gxh6+ {[%emt 0:00:10]} 1-0

[Event "55th Rubinstein Memorial-A 2019"]
[Site "Polanica-Zdroj"]
[Date "2019.08.20"]
[Round "4.25"]
[White "Wnek, Filip"]
[Black "Rak, Maciej"]
[Result "0-1"]
[WhiteElo "2021"]
[BlackElo "1779"]
[Annotator "NA"]
[PlyCount "62"]
[EventDate "2019.08.17"]
[EventType "swiss"]
[EventCountry "POL"]
[SourceTitle "playchess.com"]
[Source "ChessBase"]
[SourceQuality "1"]
[TimeControl "40/5400+30:1800+30"]

1. e4 {[%emt 0:00:00]} c5 {[%emt 0:00:00]} 2. Nf3 {[%emt 0:00:00]} e6 {[%emt 0:00:03]} 3. c4 {[%emt 0:06:51]} a6 {[%emt 0:00:12]} 4. a3 {[%emt 0:00:23]} Nc6 {[%emt 0:01:16]} 5. d4 {[%emt 0:00:10]} cxd4 {[%emt 0:00:18]} 6. Nxd4 {[%emt 0:00:09]} Qc7 {[%emt 0:00:17]} 7. Nc3 {[%emt 0:00:37]} Nf6 {[%emt 0:00:30]} 8. Be3 {[%emt 0:00:44]} Be7 {[%emt 0:04:09]} 9. Be2 {[%emt 0:04:05]} O-O {[%emt 0:02:57]} 10. O-O {[%emt 0:00:27]} Ne5 {[%emt 0:02:00]} 11. Rc1 {[%emt 0:03:18]} d6 {[%emt 0:00:53]} 12. b4 {[%emt 0:04:15]} b6 {[%emt 0:05:00]} 13. f3 {[%emt 0:09:28]} Re8 {[%emt 0:04:24]} 14. Na4 {[%emt 0:04:18]} Ned7 {[%emt 0:10:59]} 15. Kh1 {[%emt 0:13:06]} Bb7 {[%emt 0:04:56]} 16. Nb3 {[%emt 0:06:26]} Bc6 {[%emt 0:09:28]} 17. Nb2 {[%emt 0:01:35]} Bb7 {[%emt 0:12:35]} 18. Nd3 {[%emt 0:07:35]} Rac8 {[%emt 0:09:01]} 19. a4 {[%emt 0:02:45]} Qb8 {[%emt 0:07:35]} 20. a5 {[%emt 0:02:17]} d5 {[%emt 0:02:32]} 21. exd5 {[%emt 0:03:21]} exd5 {[%emt 0:01:05]} 22. c5 {[%emt 0:00:53]} bxa5 {[%emt 0:02:18]} 23. Nxa5 {[%emt 0:01:07]} Bc6 {[%emt 0:01:16]} 24. Bf4 {[%emt 0:02:25]} Qa8 {[%emt 0:00:58]} 25. Nxc6 {[%emt 0:03:13]} Qxc6 {[%emt 0:03:13]} 26. Ne5 {[%emt 0:01:15]} Nxe5 {[%emt 0:01:46]} 27. Bxe5 {[%emt 0:00:22]} Qe6 {[%emt 0:00:55]} 28. f4 {[%emt 0:00:51]} Ne4 {[%emt 0:03:46]} 29. Bd3 {[%emt 0:04:52]} a5 {[%emt 0:02:41]} 30. bxa5 {[%emt 0:09:23]} Bxc5 {[%emt 0:00:19]} 31. Qe2 {[%emt 0:03:29]} Ng3+ {[%emt 0:00:12]} 0-1

[Event "55th Rubinstein Memorial-A 2019"]
[Site "Polanica-Zdroj"]
[Date "2019.08.20"]
[Round "4.26"]
[White "Raclawicki, Kacper"]
[Black "Mazalon, Mariusz"]
[Result "1-0"]
[WhiteElo "1835"]
[BlackElo "2012"]
[Annotator "NA"]
[PlyCount "57"]
[EventDate "2019.08.17"]
[EventType "swiss"]
[EventCountry "POL"]
[SourceTitle "playchess.com"]
[Source "ChessBase"]
[SourceQuality "1"]
[TimeControl "40/5400+30:1800+30"]

1. e4 {[%emt 0:00:00]} Nf6 {[%emt 0:03:20]} 2. Nc3 {[%emt 0:00:27]} d5 {[%emt 0:00:18]} 3. exd5 {[%emt 0:01:40]} Nxd5 {[%emt 0:00:08]} 4. d4 {[%emt 0:01:27]} Nxc3 {[%emt 0:02:40]} 5. bxc3 {[%emt 0:00:05]} g6 {[%emt 0:00:07]} 6. Bc4 {[%emt 0:07:00]} Bg7 {[%emt 0:03:11]} 7. Nf3 {[%emt 0:04:44]} c5 {[%emt 0:03:33]} 8. Be3 {[%emt 0:09:59]} O-O {[%emt 0:02:59]} 9. Qd2 {[%emt 0:15:24]} Nc6 {[%emt 0:02:50]} 10. Bh6 {[%emt 0:01:28]} cxd4 {[%emt 0:07:16]} 11. Bxg7 {[%emt 0:02:35]} Kxg7 {[%emt 0:00:35]} 12. cxd4 {[%emt 0:00:47]} Bg4 {[%emt 0:01:20]} 13. c3 {[%emt 0:07:47]} Bxf3 {[%emt 0:02:59]} 14. gxf3 {[%emt 0:00:01]} Rc8 {[%emt 0:05:58]} 15. Bb3 {[%emt 0:01:54]} Na5 {[%emt 0:06:09]} 16. d5 {[%emt 0:07:04]} Qb6 {[%emt 0:02:32]} 17. O-O {[%emt 0:05:37]} Qf6 {[%emt 0:02:55]} 18. Rac1 {[%emt 0:07:00]} Rc5 {[%emt 0:12:43]} 19. Rfe1 {[%emt 0:12:54]} Rfc8 {[%emt 0:06:11]} 20. f4 {[%emt 0:02:38]} b6 {[%emt 0:05:24]} 21. Re5 {[%emt 0:01:52]} Nc4 {[%emt 0:01:15]} 22. Bxc4 {[%emt 0:01:31]} Rxc4 {[%emt 0:00:07]} 23. Qe3 {[%emt 0:00:22]} R8c7 {[%emt 0:12:11]} 24. Re1 {[%emt 0:04:09]} Rxc3 {[%emt 0:01:13]} 25. Qd2 {[%emt 0:01:02]} Rc2 {[%emt 0:04:01]} 26. Qd4 {[%emt 0:01:26]} R7c4 {[%emt 0:01:25]} 27. Qe3 {[%emt 0:01:06]} Rxf4 {[%emt 0:01:11]} 28. Re2 {[%emt 0:01:28]} Rg4+ {[%emt 0:03:56]} 29. Kf1 1-0